000 00566nam a2200193 i 4500
001 22630
003 ES-MaACL
005 20230906152730.0
007 t|
008 021204q1917 sp ||||1| spa d
100 1 _aAltamira, Rafael,
_d1866-1951
_920515
245 1 0 _aPsicología del pueblo español /
_cRafael Altamira.
250 _a2ª ed., corr. y aum.
260 _aBarcelona :
_bMinerva,
_c1917? (
_fDalmau Yuste)
300 _a340 p. ;
_c18 cm.
650 0 4 _aEspañoles-
_xPsicología.
_912477
852 _aES-MaACL
_jD-4903
999 _c22630
_d22630